[Event "FIDE WCh Women KO"]
[Site "New Delhi IND"]
[Date "2000.12.06"]
[Round "4.1"]
[White "Kovalevskaya,E"]
[Black "Peng Zhaoqin"]
[Result "1-0"]
[WhiteElo "2475"]
[BlackElo "2403"]
[EventDate "2000.11.27"]

1. e4 e6 2. d4 d5 3. Nc3 Bb4 4. exd5 exd5 5. Qf3 Nc6 6. Bb5 Nge7 7. Bf4 Bf5
8. O-O-O Qd7 9. h3 O-O-O 10. g4 Bg6 11. Nge2 a6 12. Ba4 h5 13. Be3 hxg4 14.
hxg4 Rxh1 15. Rxh1 b5 16. Bb3 Bxc3 17. Nxc3 b4 18. Na4 Be4 19. Qe2 Nb8 20.
f3 Bg6 21. Bg5 f6 22. Bf4 Nec6 23. Qd2 Be8 24. Nc5 Qf7 25. Qd3 Na7 26. Qf5+
1-0

[Event "FIDE WCh Women KO"]
[Site "New Delhi IND"]
[Date "2000.12.06"]
[Round "4.1"]
[White "Qin Kanying"]
[Black "Peptan,C"]
[Result "1/2-1/2"]
[WhiteElo "2501"]
[BlackElo "2433"]
[EventDate "2000.11.27"]

1. e4 c5 2. Nf3 d6 3. c3 Nf6 4. Be2 g6 5. O-O Bg7 6. Bb5+ Nbd7 7. Re1 a6 8.
Bf1 Ne5 9. Nxe5 dxe5 10. d3 Qc7 11. a4 O-O 12. f3 Be6 13. Be3 b5 14. Nd2
Nd7 15. Qc2 h5 16. Ra3 Qb7 17. axb5 axb5 18. Rea1 Rxa3 19. Rxa3 Ra8 20.
Rxa8+ Qxa8 21. c4 b4 22. Nb3 Qa4 23. Be2 Kh7 24. Bd1 Bh6 25. Bf2 Qa7 26.
Qb1 f5 27. Be2 Bf7 28. Kf1 e6 29. Bd1 Bf8 30. Ke1 Nb8 31. Qa1 Qxa1 32. Nxa1
Nc6 33. Ba4 Nd4 34. Kd1 g5 35. Nc2 Kg6 36. h3 Kf6 37. Be3 f4 38. Bf2 Ke7
39. Na1 Be8 40. Bxe8 Kxe8 41. Bxd4 exd4 42. Nb3 e5 43. Nd2 h4 44. Kc2 Kd7
45. Kb3 Kc6 46. Ka4 Kb6 47. Nf1 Ka6 48. Nh2 Kb6 49. Ng4 Bg7 1/2-1/2

[Event "FIDE WCh Women KO"]
[Site "New Delhi IND"]
[Date "2000.12.06"]
[Round "4.1"]
[White "Maric,A"]
[Black "Skripchenko,A"]
[Result "1/2-1/2"]
[WhiteElo "2443"]
[BlackElo "2450"]
[EventDate "2000.11.27"]

1. Nf3 d5 2. d4 e6 3. c4 dxc4 4. e3 Nf6 5. Bxc4 c5 6. O-O a6 7. a4 Nc6 8.
Nc3 Be7 9. dxc5 Qxd1 10. Rxd1 Bxc5 11. h3 Bb4 12. Na2 Be7 13. Bd2 Ne4 14.
Be1 Bd7 15. b4 Nd6 16. Be2 b5 17. axb5 axb5 18. Nc3 Rb8 19. Nd4 Nxd4 20.
Rxd4 Nf5 21. Rdd1 Bxb4 22. Ra7 Bc6 23. Rc7 Ne7 24. Nxb5 Bxe1 1/2-1/2

[Event "FIDE WCh Women KO"]
[Site "New Delhi IND"]
[Date "2000.12.07"]
[Round "4.2"]
[White "Peng Zhaoqin"]
[Black "Kovalevskaya,E"]
[Result "1/2-1/2"]
[WhiteElo "2403"]
[BlackElo "2475"]
[EventDate "2000.11.27"]

1. d4 Nf6 2. c4 d6 3. Nf3 g6 4. Nc3 Bg7 5. e4 O-O 6. Be2 e5 7. O-O Nbd7 8.
Be3 c6 9. d5 c5 10. Ne1 a6 11. Kh1 Kh8 12. g4 Ng8 13. Rg1 f5 14. gxf5 gxf5
15. exf5 Ndf6 16. Nf3 Ne7 17. Ng5 Nxf5 18. Ne6 Bxe6 19. dxe6 Qe8 20. Bg4
Nxg4 21. Qxg4 Qxe6 22. Rg2 Bf6 23. Ne4 Rg8 24. Bg5 Be7 25. Rag1 Rg6 26. Qf3
Nd4 27. Qh5 Qf5 28. Bf6+ Bxf6 29. Qxf5 Nxf5 30. Rxg6 hxg6 31. Nxf6 Kg7 32.
Ne4 Kf7 33. Rd1 Ke7 34. Rg1 Kf7 35. Rd1 Ke7 36. Rg1 Kf7 1/2-1/2

[Event "FIDE WCh Women KO"]
[Site "New Delhi IND"]
[Date "2000.12.07"]
[Round "4.2"]
[White "Peptan,C"]
[Black "Qin Kanying"]
[Result "1/2-1/2"]
[WhiteElo "2433"]
[BlackElo "2501"]
[EventDate "2000.11.27"]

1. e4 e5 2. Nf3 Nc6 3. Bb5 a6 4. Ba4 Nf6 5. O-O Be7 6. Re1 b5 7. Bb3 d6 8.
c3 O-O 9. h3 Na5 10. Bc2 c5 11. d4 Qc7 12. Nbd2 Rd8 13. d5 c4 14. Nf1 Nb7
15. N3h2 a5 16. Ng3 Nc5 17. f4 b4 18. Nf3 Ba6 19. Nf5 Bf8 20. fxe5 dxe5 21.
Bg5 Qb6 22. Kh1 Re8 23. Nd2 h6 24. Bh4 Rac8 25. Qf3 Nh7 26. Ne3 bxc3 27.
Nexc4 Bxc4 28. Nxc4 Qb4 29. Qxc3 g5 30. Bg3 Nd7 31. Bd3 Nhf6 32. Bf1 Qxc3
33. bxc3 Nc5 34. Bxe5 Ncxe4 35. Bxf6 Nxf6 36. d6 Rxe1 37. Rxe1 Rd8 38. Nxa5
Rxd6 39. Nb3 Rc6 40. c4 Nd7 41. g4 Rc8 42. Kg2 Kg7 43. Nd4 Ra8 44. Re2 Nc5
45. Rf2 Ne4 46. Rc2 Ra3 47. Nb3 Nc5 48. Be2 Nxb3 49. axb3 Rxb3 50. c5 Rb7
51. c6 Rc7 52. Kf3 Bd6 53. Ke4 Re7+ 54. Kd5 Bf4 55. Bc4 f5 56. Kc5 fxg4 57.
hxg4 Kf6 58. Kb6 h5 59. gxh5 g4 60. Bd3 Kg5 61. Rc5+ Kh6 62. c7 1/2-1/2

[Event "FIDE WCh Women KO"]
[Site "New Delhi IND"]
[Date "2000.12.07"]
[Round "4.2"]
[White "Skripchenko,A"]
[Black "Maric,A"]
[Result "1/2-1/2"]
[WhiteElo "2450"]
[BlackElo "2443"]
[EventDate "2000.11.27"]

1. e4 e6 2. d4 d5 3. Nc3 Nf6 4. e5 Nfd7 5. Nce2 c5 6. c3 cxd4 7. cxd4 f6 8.
f4 fxe5 9. fxe5 Bb4+ 10. Kf2 O-O+ 11. Nf3 Nc6 12. Be3 Ndxe5 13. dxe5 Nxe5
14. Qb3 b6 15. Rd1 Qe7 16. Kg1 Nxf3+ 17. gxf3 Bb7 18. Bg2 Rac8 19. a3 Bc5
20. Qd3 e5 21. Ng3 Kh8 22. b4 Bxe3+ 23. Qxe3 Rc2 24. Re1 e4 25. fxe4 Qh4
26. Rf1 Rxf1+ 27. Bxf1 dxe4 28. Ne2 Qg4+ 29. Qg3 Qc8 30. h4 Rd2 31. Rh3 Rd1
32. Qf4 Ba6 33. Rc3 Qe8 34. Kf2 h6 35. Rg3 Rd7 36. Kg1 Rf7 37. Qe3 Qe5 38.
Rg4 Qa1 39. Rf4 Rxf4 40. Qxf4 Bxe2 41. Qf8+ Kh7 42. Qf5+ 1/2-1/2

[Event "FIDE WCh Women KO"]
[Site "New Delhi IND"]
[Date "2000.12.08"]
[Round "4.3"]
[White "Maric,A"]
[Black "Skripchenko,A"]
[Result "1-0"]
[WhiteElo "2443"]
[BlackElo "2450"]
[EventDate "2000.11.27"]

1. d4 d5 2. Nf3 e6 3. c4 dxc4 4. e3 Nf6 5. Bxc4 c5 6. O-O a6 7. Bb3 b5 8.
a4 b4 9. Nbd2 Be7 10. e4 cxd4 11. e5 Nfd7 12. Nc4 Nc5 13. Nxd4 Bb7 14. Qg4
Bd5 15. Qxg7 Kd7 16. Nb6+ Qxb6 17. Bxd5 exd5 18. Qxh8 Qg6 19. Be3 Nd3 20.
Rfd1 Nxb2 21. Rac1 Nxd1 22. Qc8+ 1-0

[Event "FIDE WCh Women KO"]
[Site "New Delhi IND"]
[Date "2000.12.08"]
[Round "4.4"]
[White "Skripchenko,A"]
[Black "Maric,A"]
[Result "0-1"]
[WhiteElo "2450"]
[BlackElo "2443"]
[EventDate "2000.11.27"]

1. e4 e6 2. d3 d5 3. Nd2 Nf6 4. Ngf3 b6 5. c3 Be7 6. Qa4+ c6 7. e5 Nfd7 8.
Qg4 O-O 9. d4 c5 10. Bd3 Ba6 11. c4 cxd4 12. h4 f5 13. exf6 Rxf6 14. Ng5
Nf8 15. Rh3 Nc6 16. f4 e5 17. cxd5 Bxd3 18. Rxd3 Nb4 19. Rg3 exf4 20. Rf3
Nc2+ 21. Kd1 Ne3+ 22. Rxe3 dxe3 23. Nde4 Qxd5+ 24. Ke2 Rg6 25. Qxf4 Bxg5
26. Nxg5 Qxg2+ 27. Kd3 Rd8+ 28. Kc3 Qc6+ 29. Kb3 Rd3+ 0-1